[Event "Florianopolis op 10th"]
[Site "Florianopolis"]
[Date "2024.01.25"]
[Round "7"]
[White "Bassani, Jaison Jose"]
[Black "Do Prado, Hamilton Mesquita"]
[Result "1-0"]
[WhiteElo "1949"]
[BlackElo "1673"]
[PlyCount "128"]
[EventDate "2024.01.20"]
[EventType "swiss"]
[EventRounds "10"]
[EventCountry "BRA"]
[SourceTitle "CB05_2024"]
[SourceDate "2024.01.31"]
[SourceVersion "1"]
[SourceVersionDate "2024.01.31"]
[SourceQuality "1"]

1. e4 c5 2. Nc3 e6 3. g3 Nc6 4. Bg2 a6 5. Nge2 b5 6. a3 Bb7 7. 0-0 Nf6 8. h3 Qc7 9. d3 Be7 10. Be3 d6 11. Qd2 Ne5 12. f4 Ned7 13. Rae1 0-0 14. f5 e5 15. g4 b4 16. axb4 cxb4 17. Na4 d5 18. g5 d4 19. Bf2 Ne8 20. b3 Nd6 21. Nb2 Rac8 22. Rc1 Nb5 23. Nc4 Rfd8 24. Bg3 Nc3 25. Kh1 f6 26. h4 Nc5 27. Nxc3 dxc3 28. Qe2 Bc6 29. Bf2 Bb5 30. Be3 a5 31. Ra1 a4 32. bxa4 Nxa4 33. Rxa4 Bxa4 34. Nb6 Bb5 35. Nxc8 Qxc8 36. Qh5 fxg5 37. hxg5 Bxg5 38. Bxg5 Be8 39. Qh2 Rd7 40. Bh3 b3 41. f6 Qc7 42. cxb3 Rxd3 43. Be6+ Bf7 44. fxg7 Rd1 45. Bxf7+ Qxf7 46. Rxd1 Qf3+ 47. Qg2 Qxd1+ 48. Kh2 Qh5+ 49. Kg1 Qd1+ 50. Kf2 Qxb3 51. Qf3 Qb6+ 52. Ke2 Kxg7 53. Qxc3 Qe6 54. Qf3 h6 55. Bh4 Qg6 56. Qf5 Qg2+ 57. Kd3 Kg8 58. Qxe5 Qf1+ 59. Kd4 Qa1+ 60. Kd5 Qa5+ 61. Ke6 Qa6+ 62. Qd6 Qc4+ 63. Qd5 Qc8+ 64. Ke7+ Kh8 1-0

[Event "Florianopolis op 10th"]
[Site "Florianopolis"]
[Date "2024.01.21"]
[Round "2"]
[White "Blaskosky, Vinicius"]
[Black "Do Prado, Hamilton Mesquita"]
[Result "0-1"]
[WhiteElo "1314"]
[BlackElo "1673"]
[PlyCount "76"]
[EventDate "2024.01.20"]
[EventType "swiss"]
[EventRounds "10"]
[EventCountry "BRA"]
[SourceTitle "CB05_2024"]
[SourceDate "2024.01.31"]
[SourceVersion "1"]
[SourceVersionDate "2024.01.31"]
[SourceQuality "1"]

1. d4 d5 2. c4 e5 3. dxe5 d4 4. Nf3 Nc6 5. a3 a5 6. e3 Bc5 7. exd4 Nxd4 8. Nc3 Bg4 9. Qa4+ Bd7 10. Qd1 Bc6 11. Nxd4 Bxd4 12. Qh5 g6 13. Qg4 Bxe5 14. Bg5 Nf6 15. Qe2 Qe7 16. Nd5 Bxd5 17. cxd5 Bxb2 18. Rb1 Qxe2+ 19. Bxe2 Bc3+ 20. Kf1 0-0-0 21. h4 h6 22. Bxf6 Bxf6 23. Rh3 Rd6 24. Bg4+ Kb8 25. Rhb3 b6 26. Rb5 Ka7 27. g3 Bd4 28. Re1 f5 29. Bf3 Bc5 30. Rb3 Rhd8 31. Re7 Kb7 32. Rh7 g5 33. hxg5 hxg5 34. Re3 Rf8 35. a4 g4 36. Bg2 f4 37. gxf4 Rxf4 38. f3 Rxa4 0-1

[Event "American Continental 15th"]
[Site "Sao Paulo"]
[Date "2019.07.13"]
[Round "11"]
[White "Do Prado, Hamilton Mesquita"]
[Black "Costa, Iaggo Bernini"]
[Result "1-0"]
[WhiteElo "1675"]
[BlackElo "1507"]
[PlyCount "110"]
[EventDate "2019.07.05"]
[EventType "swiss"]
[EventRounds "11"]
[EventCountry "BRA"]
[SourceTitle "CBM 191 Extra"]
[Source "ChessBase"]
[SourceDate "2019.09.30"]
[SourceVersion "1"]
[SourceVersionDate "2019.09.30"]
[SourceQuality "1"]

1. d4 Nf6 2. Bf4 g6 3. Nc3 d5 4. e3 c5 5. Be2 Bg7 6. Nf3 Nc6 7. Ne5 cxd4 8. exd4 0-0 9. g4 Be6 10. h4 Nxe5 11. Bxe5 Qd7 12. f3 h5 13. Rg1 hxg4 14. fxg4 Rfc8 15. Bf3 Rc4 16. Be2 Bxg4 17. Bxg4 Nxg4 18. Bxg7 Ne3 19. Qd3 Qh3 20. Be5 Qxh4+ 21. Bg3 Qxd4 22. Bf2 Qxd3 23. cxd3 Rxc3 24. bxc3 Nc2+ 25. Kd2 Nxa1 26. Rxa1 a6 27. Bc5 e6 28. Bd4 Kf8 29. Bf6 Ke8 30. Rh1 Kd7 31. Rh7 Rf8 32. Ke3 Kd6 33. Kd4 b5 34. a3 a5 35. Bg7 Rc8 36. Bf6 Rf8 37. Be5+ Kc6 38. Bf6 Kd6 39. Rh1 Re8 40. Be5+ Kc6 41. Rh8 Rxh8 42. Bxh8 g5 43. Be5 f5 44. Bf6 g4 45. Be5 Kb6 46. Bf4 Kc6 47. Ke5 b4 48. axb4 axb4 49. cxb4 Kb5 50. Kxe6 d4 51. Kxf5 Kxb4 52. Ke4 Kc5 53. Bg3 Kc6 54. Kxd4 Kd7 55. Kd5 Ke7 1-0

[Event "American Continental 15th"]
[Site "Sao Paulo"]
[Date "2019.07.07"]
[Round "4"]
[White "Do Prado, Hamilton Mesquita"]
[Black "Do Nascimento, Christian Almeida"]
[Result "0-1"]
[WhiteElo "1675"]
[BlackElo "2033"]
[PlyCount "70"]
[EventDate "2019.07.05"]
[EventType "swiss"]
[EventRounds "11"]
[EventCountry "BRA"]
[SourceTitle "CBM 191 Extra"]
[Source "ChessBase"]
[SourceDate "2019.09.30"]
[SourceVersion "1"]
[SourceVersionDate "2019.09.30"]
[SourceQuality "1"]

1. d4 d5 2. Bf4 Nf6 3. e3 g6 4. Be2 Bg7 5. h4 h5 6. Nf3 c5 7. c3 Bg4 8. Nbd2 Nbd7 9. Ne5 Bxe2 10. Qxe2 0-0 11. Ndf3 Rc8 12. Nxd7 Nxd7 13. Rg1 cxd4 14. exd4 Re8 15. 0-0-0 Qa5 16. Kb1 Nf6 17. Ng5 Rc6 18. Rc1 e6 19. Be5 Ra6 20. b3 Rc8 21. f3 Rac6 22. Qe1 Rxc3 23. Rxc3 Qxc3 24. Qxc3 Rxc3 25. Kb2 Rc6 26. g4 hxg4 27. fxg4 Ne4 28. Bxg7 Nxg5 29. Bh6 Nf3 30. Rh1 Nxd4 31. h5 Rc2+ 32. Kb1 Rg2 33. hxg6 fxg6 34. g5 Nf3 35. Rf1 Rg1 0-1

[Event "Florianopolis op 5th"]
[Site "Florianopolis"]
[Date "2019.01.25"]
[Round "7"]
[White "Do Prado, Hamilton Mesquita"]
[Black "Costa, Pedro Henrique"]
[Result "1/2-1/2"]
[WhiteElo "1713"]
[BlackElo "1978"]
[PlyCount "117"]
[EventDate "2019.01.21"]
[EventType "swiss"]
[EventRounds "10"]
[EventCountry "BRA"]
[SourceTitle "EXT 2020"]
[Source "ChessBase"]
[SourceDate "2019.10.17"]
[SourceVersion "1"]
[SourceVersionDate "2019.10.17"]
[SourceQuality "1"]

1. d4 d5 2. Bf4 Nf6 3. e3 c5 4. c3 Qb6 5. Na3 Bd7 6. Rb1 e6 7. Qb3 Qxb3 8. axb3 cxd4 9. exd4 a6 10. Bd3 Nc6 11. b4 Na7 12. Nf3 Nh5 13. Bc7 Be7 14. Ne5 Nf4 15. Bf1 Rc8 16. Bb6 Nc6 17. Nxd7 Kxd7 18. g3 Nh5 19. b5 Nb8 20. Ra1 Bd8 21. Ba7 axb5 22. Bxb8 Rxb8 23. Nxb5 Bb6 24. Be2 Nf6 25. f3 Ra8 26. Kd2 Ra5 27. Na3 Ra7 28. Bb5+ Kc7 29. Bd3 Kd7 30. Nb5 Ra6 31. Ra3 Rha8 32. Rha1 Ne8 33. Rxa6 Rxa6 34. Rxa6 bxa6 35. Na3 Nc7 36. f4 h6 37. Nc2 g5 38. Nb4 a5 39. Nc2 gxf4 40. gxf4 Ne8 41. Bb5+ Ke7 42. Bxe8 Kxe8 43. Ke3 Ke7 44. Kf3 Kf6 45. Ne3 h5 46. f5 Bc7 47. h3 Bd6 48. fxe6 fxe6 49. h4 a4 50. c4 dxc4 51. Nxc4 Be7 52. Nb6 Kf5 53. Nxa4 Bxh4 54. b4 Bf6 55. Nc5 Bxd4 56. Nxe6 Kxe6 57. Kg3 Kf5 58. Kh4 Kg6 59. Kh3 1/2-1/2

[Event "Brazil Foz do Iguacu op"]
[Site "Foz do Iguacu"]
[Date "2018.05.20"]
[Round "9"]
[White "Deus Filho, Joaquim"]
[Black "Do Prado, Hamilton Mesquita"]
[Result "0-1"]
[WhiteElo "1925"]
[BlackElo "1655"]
[PlyCount "26"]
[EventDate "2018.05.16"]
[EventType "swiss"]
[EventRounds "9"]
[EventCountry "BRA"]
[SourceTitle "EXT 2019"]
[Source "ChessBase"]
[SourceDate "2018.10.10"]
[SourceVersion "1"]
[SourceVersionDate "2018.10.10"]
[SourceQuality "1"]

1. e4 e5 2. d4 exd4 3. Qxd4 Nc6 4. Qe3 d6 5. Bc4 Nf6 6. Nc3 g6 7. Bd2 Bg7 8. 0-0-0 0-0 9. f3 Ne5 10. Bb3 c6 11. f4 Ned7 12. Be1 Qe7 13. Qd2 Nc5 0-1

[Event "Brazil Foz do Iguacu op"]
[Site "Foz do Iguacu"]
[Date "2018.05.17"]
[Round "3"]
[White "Chang, Suzana"]
[Black "Do Prado, Hamilton Mesquita"]
[Result "1/2-1/2"]
[WhiteElo "1997"]
[BlackElo "1655"]
[PlyCount "74"]
[EventDate "2018.05.16"]
[EventType "swiss"]
[EventRounds "9"]
[EventCountry "BRA"]
[SourceTitle "CBM 184 Extra"]
[Source "ChessBase"]
[SourceDate "2018.06.28"]
[SourceVersion "1"]
[SourceVersionDate "2018.06.28"]
[SourceQuality "1"]

1. d4 d5 2. Nf3 c6 3. Bf4 Bf5 4. e3 e6 5. Bd3 Bg6 6. Bxg6 hxg6 7. Nbd2 Bd6 8. Bxd6 Qxd6 9. c4 Nf6 10. Qb3 Qc7 11. Ne5 Nbd7 12. f4 Ng8 13. 0-0 Ne7 14. Rac1 f6 15. Nxd7 Qxd7 16. Nf3 Kf7 17. Qd3 Rh6 18. e4 Rah8 19. Rce1 Re8 20. Re2 dxe4 21. Qxe4 Rhh8 22. Rd1 Qd6 23. Rf2 Qd7 24. Qc2 Qc7 25. Qb3 Rhf8 26. Nh4 Rh8 27. Qg3 Qb8 28. Qg4 Rh6 29. Re2 Nf5 30. Nf3 Qd6 31. a3 a5 32. Rd3 Rh5 33. Red2 Nh6 34. Qg3 Nf5 35. Qg4 Nh6 36. Qg3 Nf5 37. Qg4 Nh6 1/2-1/2

[Event "Brazil Foz do Iguacu op"]
[Site "Foz do Iguacu"]
[Date "2018.05.16"]
[Round "2"]
[White "Franca, Jairo Jr"]
[Black "Do Prado, Hamilton Mesquita"]
[Result "0-1"]
[WhiteElo "1917"]
[BlackElo "1655"]
[PlyCount "68"]
[EventDate "2018.05.16"]
[EventType "swiss"]
[EventRounds "9"]
[EventCountry "BRA"]
[SourceTitle "CBM 184 Extra"]
[Source "ChessBase"]
[SourceDate "2018.06.28"]
[SourceVersion "1"]
[SourceVersionDate "2018.06.28"]
[SourceQuality "1"]

1. e4 e5 2. Nf3 d6 3. Bc4 Be7 4. 0-0 Nf6 5. Re1 Nbd7 6. c3 c6 7. d4 Qc7 8. Bb3 h6 9. Nbd2 Nf8 10. Nf1 Bg4 11. Ng3 g6 12. h3 Bxf3 13. Qxf3 Ne6 14. Qd3 g5 15. Nf5 Bf8 16. g3 0-0-0 17. d5 Nc5 18. Qc2 cxd5 19. Bxd5 Kb8 20. b4 Ne6 21. Be3 Ng7 22. Nxg7 Nxd5 23. exd5 Bxg7 24. c4 Qd7 25. g4 f5 26. Qe2 f4 27. Bd2 h5 28. Bc3 hxg4 29. Qxg4 Rxh3 30. Qxd7 Rxd7 31. Rac1 f3 32. c5 Bf6 33. Bxe5 dxe5 34. Rxe5 Rdh7 0-1

[Event "Pocos de Caldas op"]
[Site "Pocos de Caldas"]
[Date "2018.03.03"]
[Round "3"]
[White "Do Prado, Hamilton Mesquita"]
[Black "De Sousa, Rafaela Oliveira"]
[Result "1-0"]
[WhiteElo "1654"]
[BlackElo "1160"]
[PlyCount "61"]
[EventDate "2018.03.02"]
[EventType "swiss"]
[EventRounds "6"]
[EventCountry "BRA"]
[SourceTitle "CBM 183 Extra"]
[Source "ChessBase"]
[SourceDate "2018.04.19"]
[SourceVersion "1"]
[SourceVersionDate "2018.04.19"]
[SourceQuality "1"]

1. d4 Nf6 2. Bf4 g6 3. Nc3 Bg7 4. e4 d6 5. Qd2 0-0 6. Bh6 Ng4 7. Bxg7 Kxg7 8. f3 Nf6 9. Bc4 c6 10. a4 e5 11. d5 cxd5 12. Nxd5 Be6 13. Ne2 Bxd5 14. exd5 Nbd7 15. a5 a6 16. Nc3 b5 17. Bb3 Nc5 18. 0-0 Nxb3 19. cxb3 Ra7 20. Ne4 Nxe4 21. fxe4 f6 22. Rf3 h6 23. Raf1 Raf7 24. Rc3 Qxa5 25. Qc2 Qb6+ 26. Kh1 f5 27. Rcf3 Qa7 28. exf5 Rxf5 29. Rxf5 Rxf5 30. Rxf5 gxf5 31. Qxf5 1-0

[Event "Pocos de Caldas op"]
[Site "Pocos de Caldas"]
[Date "2018.03.03"]
[Round "4"]
[White "Palmeira, Pedro Alberto Marti"]
[Black "Do Prado, Hamilton Mesquita"]
[Result "1-0"]
[WhiteElo "1942"]
[BlackElo "1654"]
[PlyCount "64"]
[EventDate "2018.03.02"]
[EventType "swiss"]
[EventRounds "6"]
[EventCountry "BRA"]
[SourceTitle "CBM 183 Extra"]
[Source "ChessBase"]
[SourceDate "2018.04.19"]
[SourceVersion "1"]
[SourceVersionDate "2018.04.19"]
[SourceQuality "1"]

1. Nf3 d5 2. d4 c6 3. Bf4 Bf5 4. e3 e6 5. Nbd2 Nd7 6. Nb3 h6 7. Bd3 Ngf6 8. 0-0 Ne4 9. Nfd2 Ndf6 10. f3 Nxd2 11. Qxd2 Bd6 12. Bxd6 Bxd3 13. cxd3 Qxd6 14. f4 0-0 15. Rac1 Nd7 16. Na5 Rab8 17. b4 a6 18. a3 f5 19. Rf3 Nf6 20. Nb3 Rf7 21. Qe2 Nd7 22. Rg3 Nf6 23. Nd2 a5 24. Rb1 axb4 25. axb4 Ra8 26. Nf3 Nd7 27. Ne5 Nxe5 28. dxe5 Qe7 29. d4 Qe8 30. Qh5 Kh8 31. h3 Re7 32. Qe2 Ra6 1-0

[Event "Pocos de Caldas op"]
[Site "Pocos de Caldas"]
[Date "2018.03.02"]
[Round "2"]
[White "Leao, Tales Braghini"]
[Black "Do Prado, Hamilton Mesquita"]
[Result "1-0"]
[WhiteElo "2011"]
[BlackElo "1654"]
[PlyCount "75"]
[EventDate "2018.03.02"]
[EventType "swiss"]
[EventRounds "6"]
[EventCountry "BRA"]
[SourceTitle "CBM 183 Extra"]
[Source "ChessBase"]
[SourceDate "2018.04.19"]
[SourceVersion "1"]
[SourceVersionDate "2018.04.19"]
[SourceQuality "1"]

1. e4 e5 2. Nf3 Nf6 3. Nc3 d6 4. d4 Nbd7 5. Bc4 Be7 6. 0-0 c6 7. a4 a5 8. Qe2 h6 9. Bd2 Qc7 10. Rad1 Nf8 11. h3 g5 12. dxe5 dxe5 13. Ne1 Be6 14. Nb1 Bxc4 15. Qxc4 Ne6 16. Bc3 0-0 17. Nf3 Bd6 18. Nbd2 c5 19. Rfe1 Nd4 20. Qd3 Nh5 21. g3 Qd7 22. Nc4 Qc7 23. h4 f6 24. Bd2 Be7 25. hxg5 hxg5 26. c3 Nxf3+ 27. Qxf3 Ng7 28. Ne3 Qc6 29. Nd5 Bd8 30. Kg2 f5 31. Rh1 Qg6 32. Rh2 g4 33. Qe2 Bg5 34. Qc4 Ne6 35. Bxg5 Qxg5 36. Nc7 Qf6 37. Nxe6 Qf7 38. Rdh1 1-0

[Event "Sao Paulo Carnaval op"]
[Site "Sao Paulo"]
[Date "2018.02.12"]
[Round "6"]
[White "Da Rosa, Henrique Jaze Simoe"]
[Black "Do Prado, Hamilton Mesquita"]
[Result "1-0"]
[WhiteElo "1582"]
[BlackElo "1753"]
[PlyCount "113"]
[EventDate "2018.02.10"]
[EventType "swiss"]
[EventRounds "7"]
[EventCountry "BRA"]
[SourceTitle "CBM 183 Extra"]
[Source "ChessBase"]
[SourceDate "2018.04.19"]
[SourceVersion "1"]
[SourceVersionDate "2018.04.19"]
[SourceQuality "1"]

1. Nf3 d5 2. b3 c6 3. Bb2 Bf5 4. e3 Nd7 5. d4 Ngf6 6. Bd3 Bg6 7. 0-0 e6 8. Qe2 Bd6 9. Nbd2 Ne4 10. c4 0-0 11. Rac1 Ndf6 12. Rfd1 Re8 13. a3 h6 14. c5 Bc7 15. b4 a6 16. a4 Nxd2 17. Qxd2 Bxd3 18. Qxd3 Ne4 19. b5 axb5 20. axb5 Qf6 21. b6 Bd8 22. Ra1 Be7 23. Rxa8 Rxa8 24. Ra1 Rxa1+ 25. Bxa1 Bxc5 26. Qb1 Bd6 27. Qa2 Qd8 28. Qa7 Qc8 29. g3 Qb8 30. Kg2 Nf6 31. Bb2 Qc8 32. Nd2 Nd7 33. Nb3 Bb8 34. Qa5 Qd8 35. Nc5 Nxc5 36. Qxc5 Bd6 37. Qa5 Qc8 38. Ba3 Bxa3 39. Qxa3 Qd7 40. Qa8+ Kh7 41. Qb8 Qe7 42. Qc8 Qb4 43. Qxb7 Qb1 44. Qxf7 Qxb6 45. Qxe6 Qb7 46. h4 Qa8 47. g4 Qb7 48. h5 Qb6 49. Qe5 Qd8 50. Kg3 Kh8 51. f4 Qa8 52. g5 hxg5 53. fxg5 Kh7 54. g6+ Kg8 55. h6 gxh6 56. Qe6+ Kh8 57. Qf6+ 1-0

[Event "Florianopolis op 4th"]
[Site "Florianopolis"]
[Date "2018.01.22"]
[Round "5"]
[White "Correa, Jose Augusto"]
[Black "Do Prado, Hamilton Mesquita"]
[Result "1-0"]
[WhiteElo "1961"]
[BlackElo "1754"]
[PlyCount "73"]
[EventDate "2018.01.19"]
[EventType "swiss"]
[EventRounds "10"]
[EventCountry "BRA"]
[SourceTitle "EXT 2019"]
[Source "ChessBase"]
[SourceDate "2018.10.10"]
[SourceVersion "1"]
[SourceVersionDate "2018.10.10"]
[SourceQuality "1"]

1. c4 e6 2. Nc3 d5 3. cxd5 exd5 4. d4 c6 5. Nf3 Nf6 6. Bg5 Be7 7. Qc2 Bg4 8. e3 Nbd7 9. Bd3 a6 10. Rc1 Bh5 11. a3 Bg6 12. 0-0 Bxd3 13. Qxd3 0-0 14. Nd2 Re8 15. f3 Qb6 16. b4 h6 17. Bh4 a5 18. Na4 Qb5 19. Qxb5 cxb5 20. Nc3 axb4 21. Nxb5 Ra4 22. Nc7 Rf8 23. axb4 Bxb4 24. Nb1 Ra2 25. Nc3 Bxc3 26. Rxc3 g5 27. Bg3 Nb6 28. Rb1 Nfd7 29. Rcb3 Nc4 30. Rxb7 Nxe3 31. Bf2 Nc4 32. Nxd5 Rd8 33. Rxd7 Rxd7 34. Nf6+ Kf8 35. Nxd7+ Ke7 36. Ne5 Nxe5 37. dxe5 1-0

[Event "Brasilia Terraviva op"]
[Site "Brasilia"]
[Date "2018.01.12"]
[Round "2"]
[White "Di Simoni, Rafaela Moura"]
[Black "Do Prado, Hamilton Mesquita"]
[Result "0-1"]
[WhiteElo "1562"]
[BlackElo "1754"]
[PlyCount "80"]
[EventDate "2018.01.11"]
[EventType "swiss"]
[EventRounds "7"]
[EventCountry "BRA"]
[SourceTitle "CBM 182 Extra"]
[Source "ChessBase"]
[SourceDate "2018.02.23"]
[SourceVersion "1"]
[SourceVersionDate "2018.02.23"]
[SourceQuality "1"]

1. e4 c5 2. d4 cxd4 3. c3 d3 4. Bxd3 Nc6 5. Nf3 d6 6. 0-0 e6 7. Bg5 Nf6 8. Nbd2 Be7 9. Qc2 h6 10. Bh4 Qc7 11. Rac1 0-0 12. Rfd1 Rd8 13. Bg3 e5 14. Bb5 Be6 15. h3 Qb6 16. Ba4 Rac8 17. Qb1 Nh5 18. Bh2 g5 19. Bb3 Nf4 20. Re1 Qa6 21. Bxf4 gxf4 22. Bxe6 fxe6 23. Nb3 Kh7 24. Rcd1 Rg8 25. Rf1 Rg6 26. Ne1 Rcg8 27. Nd2 b5 28. Ndf3 Qb6 29. Qc2 R8g7 30. a3 Qd8 31. Qd2 Qg8 32. Nh2 Qf7 33. f3 Qf6 34. Qc2 h5 35. Rd2 Qh4 36. b4 Qxh3 37. Rff2 Bh4 38. Rfe2 Bxe1 39. Rxe1 Qh4 40. Ree2 Rg3 0-1

[Event "Brasilia Terraviva op"]
[Site "Brasilia"]
[Date "2018.01.12"]
[Round "3"]
[White "Do Prado, Hamilton Mesquita"]
[Black "Japiassu, Ricardo de Villa No"]
[Result "0-1"]
[WhiteElo "1754"]
[BlackElo "1981"]
[PlyCount "54"]
[EventDate "2018.01.11"]
[EventType "swiss"]
[EventRounds "7"]
[EventCountry "BRA"]
[SourceTitle "CBM 182 Extra"]
[Source "ChessBase"]
[SourceDate "2018.02.23"]
[SourceVersion "1"]
[SourceVersionDate "2018.02.23"]
[SourceQuality "1"]

1. d4 Nf6 2. Bf4 c5 3. e3 g6 4. Be2 Bg7 5. Nc3 cxd4 6. exd4 0-0 7. Qd2 d5 8. Bh6 Nc6 9. Bxg7 Kxg7 10. 0-0-0 Qa5 11. f3 Rb8 12. g4 b5 13. h4 b4 14. Nb1 Qxa2 15. b3 Bd7 16. h5 Rbc8 17. c3 Qxb3 18. Qb2 Qa4 19. Qc2 Qa5 20. hxg6 fxg6 21. Rd3 bxc3 22. Rxc3 Nb4 23. Qb2 Na2+ 24. Kd2 Nxc3 25. Nxc3 Rb8 26. Qc2 Rfc8 27. f4 Ne4+ 0-1

[Event "Caioba Telecom op"]
[Site "Caioba"]
[Date "2017.09.29"]
[Round "4"]
[White "Do Prado, Hamilton Mesquita"]
[Black "Boutin Neto, Mauro Albano"]
[Result "1-0"]
[WhiteElo "1720"]
[BlackElo "1419"]
[PlyCount "63"]
[EventDate "2017.09.28"]
[EventType "swiss"]
[EventRounds "8"]
[EventCountry "BRA"]
[SourceTitle "EXT 2018"]
[Source "ChessBase"]
[SourceDate "2017.10.13"]
[SourceVersion "1"]
[SourceVersionDate "2017.10.13"]
[SourceQuality "1"]

1. d4 Nf6 2. Bf4 e6 3. e3 b6 4. Nd2 Bb7 5. c3 d5 6. h3 Be7 7. Bd3 Nbd7 8. Ngf3 0-0 9. Ne5 Ne4 10. Nxd7 Qxd7 11. Qc2 f5 12. Nf3 Bd6 13. Bxd6 Nxd6 14. Ne5 Qe7 15. g3 Nf7 16. Nf3 Ng5 17. Qe2 Nxf3+ 18. Qxf3 Qg5 19. Qf4 Qxf4 20. exf4 Rf6 21. Kd2 Rc8 22. Rhe1 Re8 23. Re5 Rf7 24. Rae1 Rfe7 25. Bxf5 Kf7 26. Bxh7 g6 27. Rg5 Kf6 28. Rxg6+ Kf7 29. Rg5 Kf8 30. Rg8+ Kf7 31. Rxe8 Kxe8 32. Bd3 1-0

[Event "Sao Sebastiao do Paraiso op 1st"]
[Site "Sao Sebastiao do Paraiso"]
[Date "2017.08.18"]
[Round "2"]
[White "Abreu, Eduardo Jose da Sil"]
[Black "Do Prado, Hamilton Mesquita"]
[Result "0-1"]
[WhiteElo "1774"]
[BlackElo "1722"]
[PlyCount "120"]
[EventDate "2017.08.18"]
[EventType "swiss"]
[EventRounds "6"]
[EventCountry "BRA"]
[SourceTitle "CBM 180 Extra"]
[Source "ChessBase"]
[SourceDate "2017.10.06"]
[SourceVersion "1"]
[SourceVersionDate "2017.10.06"]
[SourceQuality "1"]

1. e4 c5 2. d4 cxd4 3. c3 d3 4. Bxd3 d6 5. Nf3 Nc6 6. 0-0 Nf6 7. Qe2 Qc7 8. Bf4 e6 9. Nbd2 Be7 10. Nc4 0-0 11. Rad1 e5 12. Bg3 b5 13. Ne3 a6 14. Nd5 Qb7 15. Nh4 Re8 16. Nf5 Bxf5 17. Nxf6+ Bxf6 18. exf5 d5 19. Bc2 Rad8 20. Bb3 Na5 21. Rd2 Nxb3 22. axb3 Qc6 23. Qg4 e4 24. Bh4 Qb6 25. Kh1 Bxh4 26. Qxh4 Re5 27. Re1 Rde8 28. f6 Qxf6 29. Qxf6 gxf6 30. Re3 h5 31. h3 R8e6 32. f3 exf3 33. Rxf3 f5 34. c4 bxc4 35. bxc4 dxc4 36. Rd8+ Kg7 37. Rc3 Rb5 38. Rxc4 Rxb2 39. Rc7 h4 40. Rdd7 Rf6 41. Rd4 Rg6 42. Rdd7 Rb1+ 43. Kh2 Rf6 44. Rc4 f4 45. Rdd4 Rf1 46. Rd5 f3 47. Rg4+ Rg6 48. Rxg6+ fxg6 49. gxf3 Rxf3 50. Rd4 g5 51. Ra4 Rf6 52. Ra5 Kg6 53. Kg2 Kf7 54. Rxg5 Rg6 55. Rg4 a5 56. Kf3 Rxg4 57. Kxg4 a4 58. Kxh4 a3 59. Kg5 a2 60. h4 a1Q 0-1